000 01031nam a22002297a 4500
005 20240530110514.0
008 160113s2013 ua g 000 0 ara d
040 _aEG-CaGPL
082 0 4 _221
_a953.0725\
_bهـ ع
100 0 _aهبةالله محمد عبدالفتاح
245 1 2 _aالعلاقات الثقافية بين دولة الموحدين و المشرق الاسلامى :
_b( 550 - 650 هـ ) ( 1155 - 1252 م ) /
_cاعداد و تقديم هبةالله محمد عبدالفتاح ؛ اشراف سعد زغلول عبدالحميد ، نبيلة محمد حسن
260 _aالاسكندرية :
_bمؤسسة شباب الجامعة ،
_c2013 .
300 _a516 ص ؛
_c24 سم .
650 0 4 _aالموحدون
_xالتاريخ الاسلامى
650 0 4 _aدولة الموحدين
650 0 4 _aالتصوف
651 0 4 _aالاندلس
651 0 4 _2المغرب
700 0 _a سعد زغلول عبدالحميد
_eمشرف
700 0 _aنبيلة محمد حسن
_eمشرف
942 _2ddc
_cBK
999 _c61758
_d61758